The analysis of sensations, and the relation of the physical to the psychical, (Record no. 122731)
[ view plain ]
| 000 -LEADER | |
|---|---|
| fixed length control field | 01003mam a22002771 4500 |
| 001 - CONTROL NUMBER | |
| control field | 1523214 |
| 005 - DATE AND TIME OF LATEST TRANSACTION | |
| control field | 20150421175442.0 |
| 008 - FIXED-LENGTH DATA ELEMENTS--GENERAL INFORMATION | |
| fixed length control field | 741203s1914 ilua b 000 0 eng d |
| 010 ## - LIBRARY OF CONGRESS CONTROL NUMBER | |
| LC control number | a 15002345 |
| 035 ## - SYSTEM CONTROL NUMBER | |
| System control number | (OCoLC)ocm01096988 |
| 035 ## - SYSTEM CONTROL NUMBER | |
| System control number | (NNC)1523214 |
| 040 ## - CATALOGING SOURCE | |
| Original cataloging agency | CSU |
| Transcribing agency | CSU |
| Modifying agency | OCL |
| -- | NNC |
| 041 1# - LANGUAGE CODE | |
| Language code of text/sound track or separate title | eng |
| Language code of original and/or intermediate translations of text | ger |
| 050 ## - LIBRARY OF CONGRESS CALL NUMBER | |
| Classification number | QP435.M13 |
| 100 1# - MAIN ENTRY--PERSONAL NAME | |
| Personal name | Mach, Ernst, |
| Dates associated with a name | 1838-1916. |
| 9 (RLIN) | 17310 |
| 240 10 - UNIFORM TITLE | |
| Language of a work | English |
| 245 14 - TITLE STATEMENT | |
| Title | The analysis of sensations, and the relation of the physical to the psychical, |
| Statement of responsibility, etc | by Dr. Ernst Mach ... translated from the 1st German edition by C.M. Williams; revised and supplemented from the 5th German edition by Sydney Waterlow. |
| 260 ## - PUBLICATION, DISTRIBUTION, ETC. (IMPRINT) | |
| Place of publication, distribution, etc | New York |
| -- | Dover |
| Date of publication, distribution, etc | 1959 |
| 300 ## - PHYSICAL DESCRIPTION | |
| Extent | xv, 380 p. |
| Other physical details | illus., diagrs. |
| Dimensions | 20 cm. |
| 504 ## - BIBLIOGRAPHY, ETC. NOTE | |
| Bibliography, etc | Includes bibliography. |
| 650 #0 - SUBJECT ADDED ENTRY--TOPICAL TERM | |
| Topical term or geographic name as entry element | Senses and sensation. |
| 9 (RLIN) | 17418 |
| 700 1# - ADDED ENTRY--PERSONAL NAME | |
| Personal name | Williams, C. M. |
| Fuller form of name | (Cora May), |
| Relator term | translator. |
| 9 (RLIN) | 17419 |
| 700 1# - ADDED ENTRY--PERSONAL NAME | |
| Personal name | Waterlow, Sydney, |
| Relator term | translator. |
| 9 (RLIN) | 17420 |
| 942 ## - ADDED ENTRY ELEMENTS (KOHA) | |
| Source of classification or shelving scheme | Library of Congress Classification |
| Item type | Monograph ( Printed materials) |
| Withdrawn status | Lost status | Source of classification or shelving scheme | Damaged status | Not for loan | Collection code | Home library | Current library | Shelving location | Date acquired | Total Checkouts | Full call number | Barcode | Date last seen | Price effective from | Koha item type |
|---|---|---|---|---|---|---|---|---|---|---|---|---|---|---|---|
| Library of Congress Classification | Main Collection | ARRUPE LIBRARY | ARRUPE LIBRARY | Main Collection | 21/04/2015 | QP435.M13 | 46500004512 | 02/07/2019 | 21/04/2015 | Monograph ( Printed materials) |